The music address book : how to reach anyone who's anyone in music /

Bibliographic Details
Main Author: Levine, Michael, 1954-
Format: Book
Language:English
Published: New York : HarperPerennial, [1994]
Edition:2nd ed.
Subjects:

MARC

Tag First Indicator Second Indicator Subfields
LEADER 00000cam a2200000 a 4500
001 in00001187362
005 20151001093011.0
008 930915s1994 nyu r 000 0 eng
010 |a  93021463  
020 |a 0062732579 :  |c USA $12.00 (Canada $16.00) 
035 |a (OCoLC)29033358 
035 |9 AGG3512AM 
040 |a DLC  |c DLC  |d UtOrBLW 
049 |a TXAM 
050 0 0 |a ML12  |b .L48 1994 
082 0 0 |a 781.64/025  |2 20 
100 1 |a Levine, Michael,  |d 1954- 
245 1 4 |a The music address book :  |b how to reach anyone who's anyone in music /  |c Michael Levine. 
250 |a 2nd ed. 
264 1 |a New York :  |b HarperPerennial,  |c [1994] 
264 4 |c ©1994 
300 |a xi, 225 pages ;  |c 24 cm. 
336 |a text  |b txt  |2 rdacontent 
337 |a unmediated  |b n  |2 rdamedia 
338 |a volume  |b nc  |2 rdacarrier 
500 |a "First edition"--Title page verso. 
650 0 |a Popular music  |x Directories. 
999 |a MARS 
999 f f |s 28dcca9c-5b2d-3687-849f-a9271d301f53  |i d95cc60b-3ce3-3b2a-aee1-d791d5c98259  |t 0 
952 f f |p ric  |a Texas A&M University  |b Rellis Campus  |c Joint Library Facility  |d Remote Storage  |t 0  |e ML12 .L48 1994  |h Library of Congress classification  |i unmediated -- volume  |m A14818866108 
998 f f |a ML12 .L48 1994  |t 0  |l Remote Storage